Case studies in systems analysis / (Record no. 66695)

000 -LEADER
fixed length control field 00634nam a2200229 i 4500
001 - CONTROL NUMBER
control field 3251940
003 - CONTROL NUMBER IDENTIFIER
control field NUST - PNEC
005 - DATE AND TIME OF LATEST TRANSACTION
control field 20170116181000.0
008 - FIXED-LENGTH DATA ELEMENTS--GENERAL INFORMATION
fixed length control field 800313s1979 enka b 000 0 eng
010 ## - LIBRARY OF CONGRESS CONTROL NUMBER
LC control number 80456006
020 ## - INTERNATIONAL STANDARD BOOK NUMBER
International Standard Book Number 0333237331 :
040 ## - CATALOGING SOURCE
Transcribing agency LIBRARY
082 00 - DEWEY DECIMAL CLASSIFICATION NUMBER
Classification number 003 RAC
100 1# - MAIN ENTRY--PERSONAL NAME
Personal name Race, John,
Dates associated with a name 1934-
245 10 - TITLE STATEMENT
Title Case studies in systems analysis /
Statement of responsibility, etc. J. P. A. Race.
260 ## - PUBLICATION, DISTRIBUTION, ETC.
Place of publication, distribution, etc. London :
Name of publisher, distributor, etc. Macmillan,
Date of publication, distribution, etc. 1979.
300 ## - PHYSICAL DESCRIPTION
Extent v, 112 p. :
Other physical details ill. ;
Dimensions 24 cm.
504 ## - BIBLIOGRAPHY, ETC. NOTE
Bibliography, etc. note Bibliography: p. 112.
650 #0 - SUBJECT ADDED ENTRY--TOPICAL TERM
Topical term or geographic name entry element System analysis
General subdivision EL, EE
906 ## - LOCAL DATA ELEMENT F, LDF (RLIN)
a 7
b cbc
c orignew
d 4
e ncip
f 19
g y-gencatlg
942 ## - ADDED ENTRY ELEMENTS (KOHA)
Source of classification or shelving scheme
Koha item type Book
Holdings
Withdrawn status Lost status Source of classification or shelving scheme Damaged status Not for loan Permanent Location Current Location Shelving location Date acquired Total Checkouts Full call number Barcode Date last seen Price effective from Koha item type
          Pakistan Navy Engineering College (PNEC) Pakistan Navy Engineering College (PNEC)       003 RAC PNECLIB-011968 09/12/2015   Book
© 2023 Central Library, National University of Sciences and Technology. All Rights Reserved.